Методы интераций и мажорирующие уравнения Ляпунова в теории нелинейных колебаний / (Record no. 199423)
[ view plain ]
| 000 -LEADER | |
|---|---|
| fixed length control field | 01267nam a2200253 u 4500 |
| 001 - CONTROL NUMBER | |
| control field | 000536025 |
| 003 - CONTROL NUMBER IDENTIFIER | |
| control field | AM-YeHGA |
| 005 - DATE AND TIME OF LATEST TRANSACTION | |
| control field | 20250617135404.0 |
| 008 - FIXED-LENGTH DATA ELEMENTS--GENERAL INFORMATION | |
| fixed length control field | 070511s1974 ru |||||r|||||000|0|rus d |
| 040 ## - CATALOGING SOURCE | |
| Original cataloging agency | AM-YeHGA |
| 041 0# - LANGUAGE CODE | |
| Language code of text/sound track or separate title | rus |
| 090 ## - LOCALLY ASSIGNED LC-TYPE CALL NUMBER (OCLC); LOCAL CALL NUMBER (RLIN) | |
| -- | 200907 |
| 100 1# - MAIN ENTRY--PERSONAL NAME | |
| Personal name | Лика, Д.К. |
| 245 10 - TITLE STATEMENT | |
| Title | Методы интераций и мажорирующие уравнения Ляпунова в теории нелинейных колебаний / |
| Statement of responsibility, etc. | Д.К. Лика, Ю.А. Рябов; Отв. ред. Е.А. Гребенников; М-во народного образования Молдавской ССР, Кишиневский ГПИ им. И. Крянгэ. |
| 260 ## - PUBLICATION, DISTRIBUTION, ETC. | |
| Place of publication, distribution, etc. | Кишинев : |
| Name of publisher, distributor, etc. | Штиинца, |
| Date of publication, distribution, etc. | 1974. |
| 300 ## - PHYSICAL DESCRIPTION | |
| Extent | 291 с. |
| 504 ## - BIBLIOGRAPHY, ETC. NOTE | |
| Bibliography, etc. note | Библиогр. : 286 - 289 |
| 650 14 - SUBJECT ADDED ENTRY--TOPICAL TERM | |
| Topical term or geographic name entry element | Нелинейные колебания |
| 653 1# - INDEX TERM--UNCONTROLLED | |
| Uncontrolled term | дифференциальные уравнения |
| 700 1# - ADDED ENTRY--PERSONAL NAME | |
| Personal name | Гребенников, Е,А. |
| Relator term | ред. |
| Relationship | edt |
| 700 1# - ADDED ENTRY--PERSONAL NAME | |
| Personal name | Рябов, Ю.А. |
| 710 2# - ADDED ENTRY--CORPORATE NAME | |
| Corporate name or jurisdiction name as entry element | Министерство народного образования Молдавской ССР |
| 710 2# - ADDED ENTRY--CORPORATE NAME | |
| Corporate name or jurisdiction name as entry element | Кишиневский государственный педагогический институт им. И. Крянгэ |
| Withdrawn status | Lost status | Damaged status | Not for loan | Collection | Home library | Current library | Date acquired | Total checkouts | Full call number | Barcode | Date last seen | Price effective from | Koha item type | Public note |
|---|---|---|---|---|---|---|---|---|---|---|---|---|---|---|
| General | Fundamental Scientific Library | Fundamental Scientific Library | 28/12/2016 | PII/350907 | FL0300896 | 28/12/2016 | 28/12/2016 | Գրքեր / Books | 30 Days Loan |
ՀՀ Գիտությունների ազգային ակադեմիայի հիմնարար գիտական գրադարան = Fundamental Scientific Library of NAS RA
All site content, except where otherwise noted, is licensed under a